000 00260nam a2200121Ia 4500
008 221030s9999 xx 000 0 und d
041 _aEnglish
100 _aBPB
245 0 _aMicroprocessor Data Handbook
_cby BPB
260 _c0
650 _aB
942 _cBK
999 _c14433
_d14433